header

Egypt and American foreign assistance, 1952-1956 (Record no. 207771)

MARC details
000 -LEADER
fixed length control field 01405nam a2200349Ia 4500
082 04 - DEWEY DECIMAL CLASSIFICATION NUMBER
Classification number 338.91/73062/09045
100 1# - MAIN ENTRY--AUTHOR NAME
Personal name Alterman, Jon B.,
245 10 - TITLE STATEMENT
Title Egypt and American foreign assistance, 1952-1956
250 ## - EDITION STATEMENT
Edition statement 1st ed.
260 ## - PUBLICATION, DISTRIBUTION, ETC. (IMPRINT)
Place of publication Houndmills, Basingstoke, Hampshire ;
-- New York :
Name of publisher Palgrave,
Year of publication 2002.
300 ## - PHYSICAL DESCRIPTION
Number of Pages xxiv, 200 p.
650 #0 - SUBJECT ADDED ENTRY--TOPICAL TERM
Topical Term International relations.
856 40 - ELECTRONIC LOCATION AND ACCESS
Uniform Resource Identifier http://site.ebrary.com/lib/rucke/Doc?id=10115196

No items available.

© 2026 Rongo University
Contact us: librarian | system librarian | Rongo university